| 000 | 00818cab a22002055a 4500 | ||
|---|---|---|---|
| 001 | L151520 | ||
| 008 | 101115e20101112xxk 000 0 eng d | ||
| 035 | _a(Sirsi) u151520 | ||
| 041 | 0 | _aeng | |
| 100 | 1 | _aLeniston, Patrick | |
| 245 | 0 | 0 |
_aCountry focus _bFrance |
| 260 | _c2010 | ||
| 490 |
_aBuilding _v275 (8654) 12 November 2010, 58-60(3) |
||
| 520 | _aSnapshot look at France's economy and construction industry includes overview, economic sectors, green development, construction costs, development outlook, investment and employment, and conclusion; tables of the economy and construction industry at a glance 2009-2011, and first quarter 2010 construction costs £m2. | ||
| 590 | _aKA | ||
| 651 | 4 | _aFrance | |
| 690 | _aBUILT ENVIRONMENT-CONSTRUCTION MARKET | ||
| 710 |
_aEC Harris _94930 |
||
| 942 | _n0 | ||
| 999 |
_c82817 _d82817 |
||